• 首页
  • 本馆介绍
  • 公告通知
  • 最新文献
  • 馆藏检索
  • 电子资源
  • 读者导购
  • 参考咨询
  • 我的图书馆
  • 登录
  • 详细信息显示
  • 放入我的书架
  • 预约/预借图书
  • 作者相关作品
  • 分类相关作品
  • 丛书相关作品
  • 出版社相关作品

书目信息

  • 表格格式
  • 工作单格式
  • 卡片格式
题名:
绿色发展与气候传播
    
 
作者: 郑保卫 主编
分册:  
出版信息: 北京   人民日报出版社  2017.10
页数: 230页
开本: 24cm
丛书名:
单 册:
中图分类: P467
科图分类:
主题词: 气候变化--研究 , 气候学--传播学--研究
电子资源:
ISBN: 978-7-5115-5040-8
000 01042nam0 2200253 450
001 71
005 20180920170932.37
010    @a978-7-5115-5040-8@dCNY48.00
100    @a20180714d2017 em y0chiy50 ea
101 0  @achi
102    @aCN@b110000
105    @aa z 000yy
200 1  @a绿色发展与气候传播@9lv se fa zhan yu qi hou chuan bo@dGreen development and climate change communication@f郑保卫主编@zeng
210    @a北京@c人民日报出版社@d2017.10
215    @a230页@c图@d24cm
300    @a人民日报传媒书系
330    @a本书多视角、全方位地展示了国内气候传播研究领域的最新学术成果,进一步厘清了气候传播的基本理论问题,力图建构我国气候传播理论体系,推动气候传播社会实践良性发展,为减缓、适应和应对气候变化,促进气候变化的社会共治与全球治理提供理论思考和策略建议。
510 1  @aGreen development and climate change communication@zeng
606 0  @a气候变化@x研究
606 0  @a气候学@x传播学@x研究
690    @aP467@v5
701  0 @a郑保卫@9zheng bao wei@f(1945-)@4主编
801  0 @aCN@b91MARC@c20180714
905    @aMuseLib@dP467@e101
    
    绿色发展与气候传播=Green development and climate change communication/郑保卫主编.-北京:人民日报出版社,2017.10
    230页:图;24cm
    人民日报传媒书系
    
    ISBN 978-7-5115-5040-8:CNY48.00
    本书多视角、全方位地展示了国内气候传播研究领域的最新学术成果,进一步厘清了气候传播的基本理论问题,力图建构我国气候传播理论体系,推动气候传播社会实践良性发展,为减缓、适应和应对气候变化,促进气候变化的社会共治与全球治理提供理论思考和策略建议。
●
相关链接 在E读中查询图书 在五车中查询图书 在当当中查询图书 在豆瓣中查询图书


正题名:绿色发展与气候传播     索取号:P467/101         预约/预借

序号 登录号 条形码 馆藏地/架位号 状态 备注
1 1118094   211180942   第二样本阅览室/ [索取号:P467/101] 在馆    
2 1118095   211180951   第三借阅区/ [索取号:P467/101] 在馆    
3 1118096   211180960   第三借阅区/ [索取号:P467/101] 在馆    
4 1118097   211180979   第三借阅区/ [索取号:P467/101] 在馆    
5 1118098   211180988   第三借阅区/ [索取号:P467/101] 在馆    
唐山师范学院图书馆 欢迎您!
大连网信软件有限公司© 版权所有